Soil ecology (Record no. 41199)

MARC details
000 -LEADER
fixed length control field 00331nam a2200133Ia 4500
082 ## - DEWEY DECIMAL CLASSIFICATION NUMBER
Classification number 631.4:581.5
Item number KIL
100 ## - MAIN ENTRY--AUTHOR NAME
Personal name Killham, Ken
245 #0 - TITLE STATEMENT
Title Soil ecology
260 ## - PUBLICATION, DISTRIBUTION, ETC. (IMPRINT)
Place of publication Cambridge University Press
Year of publication 1994
650 ## - SUBJECT ADDED ENTRY--TOPICAL TERM
Topical Term Soil biotechnology
650 ## - SUBJECT ADDED ENTRY--TOPICAL TERM
Topical Term Soil science
942 ## - ADDED ENTRY ELEMENTS (KOHA)
Koha item type Books
Holdings
Withdrawn status Lost status Damaged status Not for loan Home library Current library Date acquired Cost, normal purchase price Full call number Accession Number Koha item type
        RRII Library RRII Library 16/12/2021 15.95 631.4:581.5 KIL 21490 Books